000 00611nam a2200241Ia 4500
003 OSt
005 20220924142301.0
006 a|||||r|||| 00| 0
007 ta
008 220923b |||||||| |||| 00| 0 ben d
020 _a9840731521 (hbk)
024 _a301267
037 _cTextual
040 _aARTS
_cARTS
_bben
041 _2ben
_aben
082 _aV262v, 157N5
100 _aTarafdar Momtazur rahman
_9213142
245 0 _aItihas o aitihasik
260 _c1991
650 _aHISTORY
942 _hV262v, 157N5
_cTEXL
_2CC
999 _c450122
_d450122